000 01112nam a22001937a 4500
003 OSt
005 20251111153142.0
008 251111b |||||||| |||| 00| 0 eng d
040 _cDCL
082 _a၂၉၄.၃၈၂၄၃
130 _aတိပိဋက။
_pအဘိဓမ္မာပိဋက။
_tဓာတုကထာ၊ ပုဂ္ဂလပညတ္တိ၊
_lပါဠိတော်၊
_sနိဿယ။
245 _aဓာတုကထာ၊ ပုဂ္ဂလပညတ္တိပါဠိတော်နိဿယ /
_bဘုံကျော်ဆရာတော်။
264 _aရန်ကုန် ၊
_bဣစ္ဆာသယပိဋကတ်စာပုံနှိပ်တိုက်၊
_c၁၉၈၃။
300 _aင၊ ၃၉၆ စာမျက်နှာ ၊
_c၂၅ စင်တီ။
650 _aဓာတုကထာ
_vပါဠိတော်နိဿယ။
650 _a ပုဂ္ဂလပညတ္တိ
_vပါဠိတော်နိဿယ။
700 _aဘုံကျော်ဆရာတော်။
942 _2ddc
_cSHORT TERM
_n0
999 _c2450
_d2450